Strategic Market Planning Problems and Analytical Approaches

Na minha lista:
Detalhes bibliográficos
Autor principal: Abell, Derek F.
Outros Autores: Hammond, John S.
Formato: Livro
Idioma:inglês
Publicado em: Englewood Cliffs Prentice-Hall 1979
Edição:1. ed.
Assuntos:
Tags: Adicionar Tag
Sem tags, seja o primeiro a adicionar uma tag!

MARC

LEADER 00000nam a2200000 4500
001 c001050
005 20221220103345.6
020 |a 0-13-0851089-X 
041 0 |a eng 
044 |a US 
245 1 0 |a Strategic Market Planning  |b Problems and Analytical Approaches  |c Derek F. Abell, John S. Hammond 
250 |a 1. ed. 
264 1 |a Englewood Cliffs  |b Prentice-Hall  |c 1979 
300 |a 527 s. 
610 2 0 |a plánovanie strategické 
610 2 0 |a trh 
610 2 0 |a analýza trhu 
610 2 0 |a metódy plánovania 
610 2 0 |a podnik 
610 2 0 |a manažment 
610 2 0 |a rozhodovanie podnikové 
610 2 0 |a riadenie strategické 
610 2 0 |a náklady 
610 2 0 |a papiere cenné 
100 1 |a Abell, Derek F. 
700 1 |a Hammond, John S.